Chuyển đến nội dung

Финансовая стратегия малых организаций в условиях современной экономики Статья

Đã lưu trong:
Chi tiết về thư mục
Tác giả chính: Морозко Н.И
Định dạng: Статья
Truy cập trực tuyến:https://znanium.com/catalog/document?id=294809
https://znanium.com/cover/0702/702357.jpg
Các nhãn: Thêm thẻ
Không có thẻ, Là người đầu tiên thẻ bản ghi này!
LEADER 01505nam0a2200229 i 4500
001 RU\infra-m\znanium\bibl\702357
003 https://znanium.com/catalog/document?id=294809
005 20190327000000.0
100 |a 20190327d2016 m y0rusy0150 ca 
101 0 |a rus 
102 |a RU 
200 1 |a Финансовая стратегия малых организаций в условиях современной экономики  |e Статья  |f Финансовый университет при Правительстве Российской Федерации 
210 1 |a Москва  |c ООО "Научно-издательский центр ИНФРА-М"  |d 2016 
215 |a 2 с. 
608 |a Статья  |2 local 
675 |a 336  |z rus 
686 |a 6526  |2 rubbk 
700 1 |a Морозко  |b Н.И.  |g Наталья Иосифовна  |p Финансовый университет при Правительстве Российской Федерации 
701 1 |a Диденко  |b В.Ю.  |g Валентина Юрьевна  |p Финансовый университет при Правительстве Российской Федерации 
801 0 |a RU  |b Общество с ограниченной ответственностью «ЗНАНИУМ»  |c 20160727  |2 rusmarc 
856 4 |a znanium.com  |m ebs_support@infra-m.ru  |n НИЦ ИНФРА-М  |u https://znanium.com/catalog/document?id=294809 
856 4 1 |a znanium.com  |d /cover/0702  |f 702357.jpg  |q image/jpeg  |u https://znanium.com/cover/0702/702357.jpg